[Event "7th ECh U20 Girls"]
[Site "Baile Herculane ROM"]
[Date "1986.03.16"]
[Round "6"]
[White "Polakova, Petra"]
[Black "Strzalka, Joanna"]
[Result "0-1"]
[WhiteElo "2095"]
[BlackElo "1990"]
[EventDate "1986.03.11"]
[PlyCount "94"]

1.e4 e5 2.Nf3 Nc6 3.Bb5 Bc5 4.O-O Nd4 5.Nxd4 Bxd4 6.c3 Bb6 7.d4 c6 8.Ba4 
d6 9.Be3 Nf6 10.Bc2 Be6 11.f4 Ng4 12.Bc1 exd4 13.cxd4 Qf6 14.e5 dxe5 15.f5
Qh4 16.h3 Bxd4+ 17.Qxd4 exd4 18.fxe6 Nf6 19.exf7+ Kxf7 20.Nd2 Rhe8 21.Nf3 
Qh5 22.Bb3+ Ke7 23.Nxd4 Kd7 24.Bf4 Qc5 25.Rad1 Nd5 26.Bg3 Rf8 27.Bf2 Qd6 
28.Nb5 Qe6 29.Nc3 Rf5 30.Rfe1 Qf7 31.Bc5 Re8 32.Ne4 Rfe5 33.Rf1 Qg6 34.Nd6
Re2 35.Rf7+ Ke6 36.Rf2 Rxf2 37.Kxf2 Qf6+ 38.Kg1 Rd8 39.Re1+ Kd7 40.Nxb7 
Re8 41.Rf1 Qg6 42.Bc4 Rb8 43.Ba6 Qg5 44.Bd4 Rxb7 45.Rf7+ Ne7 46.Bxb7 Qd5 
47.Rf4 g5 0-1

[Event "7th ECh U20 Girls"]
[Site "Baile Herculane ROM"]
[Date "1986.03.16"]
[Round "6"]
[White "Sziva, Erika"]
[Black "Coull, Alison"]
[Result "1-0"]
[WhiteElo "2040"]
[BlackElo "1900"]
[EventDate "1986.03.11"]
[PlyCount "55"]

1.e4 e6 2.d4 d5 3.e5 c5 4.c3 Nc6 5.Nf3 Qb6 6.a3 c4 7.Nbd2 f6 8.exf6 Nxf6 
9.g3 Bd6 10.Qe2 O-O 11.Bg2 Qc7 12.O-O e5 13.dxe5 Nxe5 14.Nxe5 Bxe5 15.f4 
Bd6 16.Nf3 Bg4 17.Be3 Rae8 18.Qd2 Kh8 19.Rae1 Bd7 20.Ne5 Bc6 21.Bd4 Be7 
22.Qd1 Nd7 23.Qh5 Nxe5 24.fxe5 b5 25.Bh3 Rxf1+ 26.Rxf1 Bd7 27.Bf5 Bxf5 28.
Qxe8+ 1-0

[Event "7th ECh U20 Girls"]
[Site "Baile Herculane ROM"]
[Date "1986.03.18"]
[Round "7"]
[White "Badulescu, Cristina"]
[Black "Madl, Ildiko"]
[Result "1-0"]
[WhiteElo "2150"]
[BlackElo "2185"]
[EventDate "1986.03.11"]
[PlyCount "65"]

1.Nf3 Nf6 2.d4 e6 3.e3 d5 4.Bd3 c5 5.c3 Nc6 6.Nbd2 Be7 7.O-O O-O 8.Qe2 Qc7
9.e4 dxe4 10.Nxe4 cxd4 11.Nxd4 Nxd4 12.Nxf6+ Bxf6 13.cxd4 Qd6 14.Qe4 g6 
15.Be3 Bg7 16.Rad1 f5 17.Qf3 f4 18.Bd2 Bxd4 19.Be4 Qe5 20.Bb4 Rf7 21.Rfe1 
Qf6 22.Rd2 a5 23.Ba3 Kg7 24.Rc1 e5 25.Rdc2 Bf5 26.Bxb7 Bxc2 27.Bxa8 e4 28.
Bxe4 Bxe4 29.Qxe4 Bxb2 30.Rc6 Qd4 31.Qxd4+ Bxd4 32.Rc4 Rd7 33.Rxd4 1-0

[Event "7th ECh U20 Girls"]
[Site "Baile Herculane ROM"]
[Date "1986.03.18"]
[Round "7"]
[White "Coull, Alison"]
[Black "Polakova, Petra"]
[Result "0-1"]
[WhiteElo "1900"]
[BlackElo "2095"]
[EventDate "1986.03.11"]
[PlyCount "67"]

1.e4 e5 2.Nf3 Nc6 3.Bb5 f5 4.d3 fxe4 5.dxe4 Nf6 6.Qe2 d6 7.Bg5 Be7 8.O-O 
Bg4 9.c3 O-O 10.Nbd2 Kh8 11.h3 Bd7 12.Rfd1 Qe8 13.Nf1 Nh5 14.Bxe7 Qxe7 15.
Qe3 Rf6 16.Be2 Nf4 17.Ng3 Raf8 18.Nh2 Qf7 19.Bg4 Be8 20.Rd2 Ne7 21.Qxa7 h5
22.Bf3 Qg6 23.Kh1 Bc6 24.Qe3 Qg5 25.Nxh5 Rh6 26.Ng3 Bd7 27.Bg4 Bxg4 28.
Nxg4 Qxg4 29.Kg1 Qg5 30.Qe1 Neg6 31.f3 Nh4 32.Rc1 Nxh3+ 33.Kf1 Nxf3 34.
gxf3 0-1

[Event "7th ECh U20 Girls"]
[Site "Baile Herculane ROM"]
[Date "1986.03.18"]
[Round "7"]
[White "Peicheva, Vera"]
[Black "Sziva, Erika"]
[Result "1/2-1/2"]
[WhiteElo "1965"]
[BlackElo "2040"]
[EventDate "1986.03.11"]
[PlyCount "98"]

1.e4 c5 2.Nf3 d6 3.d4 cxd4 4.Nxd4 Nf6 5.Nc3 g6 6.Bg5 Bg7 7.Be2 O-O 8.Qd2 
Nc6 9.Nb3 a6 10.O-O b5 11.a3 Be6 12.Rfe1 Re8 13.Rad1 Rc8 14.Qf4 Ne5 15.Qh4
Qc7 16.Nd4 Bc4 17.Qh3 Bxe2 18.Rxe2 Qc5 19.Bxf6 Bxf6 20.Nd5 Bg7 21.Qh4 Qa7 
22.c3 Qb7 23.f4 Nc4 24.Rd3 Nb6 25.Rh3 h6 26.Nxb6 Qxb6 27.Qf2 a5 28.Nc2 Qc6
29.Nd4 Qc4 30.Nc2 Qc7 31.f5 Qd7 32.Rg3 Kh7 33.Ne3 Rc5 34.fxg6+ fxg6 35.Qf7
Rg5 36.Rxg5 hxg5 37.Qd5 g4 38.Qg5 Bh6 39.Qh4 Qa7 40.Kh1 Rf8 41.Qe1 Bxe3 
42.Rxe3 Kg7 43.Re2 Qc5 44.e5 dxe5 45.Rxe5 Rf1+ 46.Qxf1 Qxe5 47.g3 Qd5+ 48.
Kg1 e6 49.Qe2 Qf5 1/2-1/2

[Event "7th ECh U20 Girls"]
[Site "Baile Herculane ROM"]
[Date "1986.03.18"]
[Round "7"]
[White "Boicu, Smaranda"]
[Black "Trabert, Bettina"]
[Result "1/2-1/2"]
[WhiteElo "2015"]
[BlackElo "2005"]
[EventDate "1986.03.11"]
[PlyCount "90"]

1.e4 e5 2.Nf3 Nc6 3.Bb5 a6 4.Ba4 f5 5.d4 exd4 6.Nxd4 Nxd4 7.Qxd4 c5 8.Qe5+
Qe7 9.Qxe7+ Bxe7 10.Bb3 fxe4 11.Nc3 Nf6 12.Bf4 b5 13.Nd5 Bd8 14.Nxf6+ Bxf6
15.Bd5 Bxb2 16.Rb1 Bc3+ 17.Ke2 Ra7 18.Bb8 Rb7 19.Bxb7 Bxb7 20.Bd6 Bd5 21.
Bxc5 Bxa2 22.Rbd1 d5 23.Ke3 Kd7 24.Bd4 Rc8 25.Bxc3 Rxc3+ 26.Kd2 Ra3 27.Ra1
b4 28.Kc1 Bc4 29.Rxa3 bxa3 30.Re1 Kd6 31.Re3 a2 32.Kb2 Ke5 33.c3 Kf5 34.
Rg3 Kf6 35.Rh3 h6 36.Re3 Ke5 37.g3 Kf5 38.h3 g6 39.Ka1 h5 40.Re1 g5 41.Rg1
Ke5 42.Rh1 h4 43.Rg1 hxg3 44.Rxg3 Kf4 45.Kb2 a5 1/2-1/2

[Event "7th ECh U20 Girls"]
[Site "Baile Herculane ROM"]
[Date "1986.03.18"]
[Round "7"]
[White "Strzalka, Joanna"]
[Black "Drewes, Mariette"]
[Result "1-0"]
[WhiteElo "1990"]
[BlackElo "1940"]
[EventDate "1986.03.11"]
[PlyCount "85"]

1.e4 e6 2.d4 d5 3.e5 c5 4.c3 Nc6 5.Nf3 Qb6 6.a3 c4 7.g3 f6 8.exf6 Nxf6 9.
Bg2 Bd6 10.O-O O-O 11.Qe2 Kh8 12.Ne5 Bxe5 13.dxe5 Nd7 14.Be3 Nc5 15.Nd2 
Qa5 16.Nf3 Bd7 17.Bh3 Nd3 18.Ng5 Ndxe5 19.f4 Nd3 20.Qh5 h6 21.Nf7+ Kg8 22.
Nxh6+ gxh6 23.Qg6+ Kh8 24.Qxh6+ Kg8 25.Qg6+ Kh8 26.f5 exf5 27.Rad1 Qc7 28.
Rxd3 cxd3 29.Rf4 Qd8 30.Qh6+ Kg8 31.Qg6+ Kh8 32.Bg2 Be8 33.Qh6+ Kg8 34.Rh4
Qxh4 35.Qxh4 Rd8 36.Qg5+ Kh7 37.Qh6+ Kg8 38.Bg5 d2 39.Bxd2 Rf7 40.Qg6+ Kf8
41.Bh6+ Ke7 42.Bg5+ Kd7 43.Bxd5 1-0

[Event "7th ECh U20 Girls"]
[Site "Baile Herculane ROM"]
[Date "1986.03.19"]
[Round "8"]
[White "Coull, Alison"]
[Black "Peicheva, Vera"]
[Result "0-1"]
[WhiteElo "1900"]
[BlackElo "1965"]
[EventDate "1986.03.11"]
[PlyCount "54"]

1.e4 e5 2.Nf3 Nc6 3.Bb5 a6 4.Ba4 Nf6 5.O-O Be7 6.Re1 b5 7.Bb3 O-O 8.d3 d6 
9.c3 Na5 10.Bc2 c5 11.Nbd2 g6 12.d4 Qc7 13.h3 cxd4 14.cxd4 Nc6 15.d5 Nb4 
16.Bb1 a5 17.Nf1 Bd7 18.Bd2 Na6 19.Qe2 Nc5 20.b4 axb4 21.Bxb4 Nb3 22.axb3 
Rxa1 23.Ng3 Re8 24.Qe3 Bf8 25.Nd2 Rea8 26.Bd3 Qa7 27.Qe2 Qd4 0-1

[Event "7th ECh U20 Girls"]
[Site "Baile Herculane ROM"]
[Date "1986.03.19"]
[Round "8"]
[White "Madl, Ildiko"]
[Black "Strzalka, Joanna"]
[Result "1-0"]
[WhiteElo "2185"]
[BlackElo "1990"]
[EventDate "1986.03.11"]
[PlyCount "49"]

1.Nf3 d6 2.e4 g6 3.d4 Bg7 4.Nc3 Nd7 5.Bc4 e5 6.Bxf7+ Kxf7 7.Ng5+ Ke8 8.Ne6
Qe7 9.Nd5 Qxe6 10.Nxc7+ Kf7 11.Nxe6 Kxe6 12.dxe5 dxe5 13.Qd5+ Ke7 14.Bg5+ 
Bf6 15.Be3 Nb6 16.Bc5+ Ke8 17.Qd6 Nd7 18.Qe6+ Be7 19.Bd6 Kf8 20.O-O Bxd6 
21.Qxd6+ Ne7 22.f4 Ke8 23.fxe5 Rf8 24.e6 Nf6 25.Rad1 1-0

[Event "7th ECh U20 Girls"]
[Site "Baile Herculane ROM"]
[Date "1986.03.19"]
[Round "8"]
[White "Matveeva, Svetlana"]
[Black "Boicu, Smaranda"]
[Result "1-0"]
[WhiteElo "2245"]
[BlackElo "2015"]
[EventDate "1986.03.11"]
[PlyCount "89"]

1.d4 Nf6 2.Nf3 g6 3.c4 Bg7 4.Nc3 d5 5.Bg5 Ne4 6.cxd5 Nxg5 7.Nxg5 e6 8.Nf3 
exd5 9.e3 O-O 10.b4 a5 11.b5 c5 12.bxc6 bxc6 13.Na4 Ba6 14.Bxa6 Nxa6 15.
Rc1 Qb8 16.O-O Qd6 17.Nc5 Rfc8 18.Qa4 Bf8 19.Ne5 Qc7 20.Ncd7 c5 21.dxc5 
Nxc5 22.Qh4 Bg7 23.Rxc5 Qd6 24.Rxc8+ Rxc8 25.Qf4 f6 26.Nxg6 Qxd7 27.Qf5 
Qxf5 28.Ne7+ Kf7 29.Nxf5 Bf8 30.Nd4 Rc4 31.Rd1 a4 32.Kf1 Bb4 33.Ke2 Kg6 
34.Rb1 Bc5 35.Ne6 Bd6 36.Kd3 Kf7 37.Nd4 Bb4 38.Rb2 Rc3+ 39.Ke2 Bc5 40.Rb7+
Kg6 41.Ne6 Bd6 42.Rg7+ Kh6 43.Rg4 Rc2+ 44.Kf3 Rxa2 45.Nd4 1-0

[Event "7th ECh U20 Girls"]
[Site "Baile Herculane ROM"]
[Date "1986.03.19"]
[Round "8"]
[White "Polakova, Petra"]
[Black "Drewes, Mariette"]
[Result "1/2-1/2"]
[WhiteElo "2095"]
[BlackElo "1940"]
[EventDate "1986.03.11"]
[PlyCount "102"]

1.e4 e6 2.d4 d5 3.Nd2 Nf6 4.e5 Nfd7 5.Bd3 c5 6.c3 Nc6 7.Ne2 cxd4 8.cxd4 f6
9.exf6 Nxf6 10.O-O Bd6 11.Nf3 Qc7 12.Nc3 a6 13.Bg5 O-O 14.Rc1 g6 15.a3 Qg7
16.Qd2 Ng4 17.h3 Rxf3 18.hxg4 Nxd4 19.Rce1 Rf7 20.Bb1 Bd7 21.Ba2 Bc6 22.
Be3 Nb5 23.Bh6 Qd4 24.Rxe6 Qxg4 25.Rxd6 Nxd6 26.Nxd5 Nc4 27.Bxc4 Qxc4 28.
Nb6 Qe4 29.f3 Qe8 30.Nxa8 Qxa8 31.Rd1 Rd7 32.Qe2 Rxd1+ 33.Qxd1 Qe8 34.Qb3+
Qf7 35.Qc3 Qe7 36.Qc4+ Qf7 37.Qd4 Qe7 38.Bd2 Kf7 39.Bb4 Qd7 40.Qe5 Qd1+ 
41.Kh2 Qd7 42.Bc3 Qe7 43.Qf4+ Ke8 44.Bb4 Qf7 45.Qb8+ Kd7 46.Qd6+ Kc8 47.
Ba5 Qd7 48.Qe5 Qf7 49.Qd4 Qd7 50.Qe5 Qf7 51.Bb6 Kd7 1/2-1/2

[Event "7th ECh U20 Girls"]
[Site "Baile Herculane ROM"]
[Date "1986.03.19"]
[Round "8"]
[White "Sziva, Erika"]
[Black "Markov, Vesna"]
[Result "1-0"]
[WhiteElo "2040"]
[BlackElo "2060"]
[EventDate "1986.03.11"]
[PlyCount "63"]

1.e4 c5 2.Nf3 d6 3.d4 cxd4 4.Nxd4 Nf6 5.Nc3 Nc6 6.Bc4 e6 7.Be3 a6 8.Qe2 
Bd7 9.O-O-O b5 10.Bb3 b4 11.Nxc6 Bxc6 12.Qc4 Qc7 13.Qxb4 d5 14.Bc5 a5 15.
Qa3 Qf4+ 16.Kb1 Nxe4 17.Nxe4 Qxe4 18.Rhe1 Qf5 19.Bxf8 Rxf8 20.Qc5 Kd7 21.
Rxd5+ Bxd5 22.Ba4+ Kd8 23.Qxf8+ Kc7 24.Qc5+ Kb7 25.Qb5+ Ka7 26.f3 Qg5 27.
Qc5+ Kb8 28.Qb6+ Kc8 29.Re3 Qf6 30.Rc3+ Qxc3 31.bxc3 Rb8 32.Bd7+ 1-0

[Event "7th ECh U20 Girls"]
[Site "Baile Herculane ROM"]
[Date "1986.03.19"]
[Round "8"]
[White "Trabert, Bettina"]
[Black "Badulescu, Cristina"]
[Result "0-1"]
[WhiteElo "2005"]
[BlackElo "2150"]
[EventDate "1986.03.11"]
[PlyCount "82"]

1.d4 Nf6 2.Bg5 e6 3.e4 h6 4.Bxf6 Qxf6 5.Nf3 c5 6.c3 cxd4 7.cxd4 Nc6 8.Nc3 
Bb4 9.Qd3 e5 10.dxe5 Nxe5 11.Nxe5 Qxe5 12.Be2 O-O 13.O-O Bxc3 14.bxc3 Re8 
15.Bf3 d6 16.Rfd1 Rd8 17.Rab1 a6 18.Rb6 Be6 19.a3 Qa5 20.Rxd6 Rdc8 21.c4 
Bxc4 22.Qe3 Be6 23.g3 Rc3 24.R1d3 Rac8 25.Rxc3 Rxc3 26.Rd3 Rxd3 27.Qxd3 b5
28.Kg2 Bc4 29.Qe3 Qa4 30.Qc5 Qc2 31.Qd6 a5 32.g4 Qd3 33.Qxd3 Bxd3 34.e5 
Bc2 35.Bd5 b4 36.axb4 axb4 37.e6 fxe6 38.Bxe6+ Kf8 39.f4 b3 40.g5 b2 41.
Ba2 h5 0-1

[Event "7th ECh U20 Girls"]
[Site "Baile Herculane ROM"]
[Date "1986.03.20"]
[Round "9"]
[White "Badulescu, Cristina"]
[Black "Matveeva, Svetlana"]
[Result "1/2-1/2"]
[WhiteElo "2150"]
[BlackElo "2245"]
[EventDate "1986.03.11"]
[PlyCount "44"]

1.e4 e6 2.d4 d5 3.Nd2 Nc6 4.Ngf3 Nf6 5.e5 Nd7 6.Bd3 Nb4 7.Be2 c5 8.c3 Nc6 
9.O-O cxd4 10.cxd4 Qb6 11.Nb3 a5 12.a4 Nb4 13.Bb5 Be7 14.Bg5 Bxg5 15.Nxg5 
h6 16.Nh3 O-O 17.Nf4 Qd8 18.Nh5 b6 19.Qg4 Qg5 20.Qxg5 hxg5 21.Rac1 g6 22.
Ng3 Ra7 1/2-1/2

[Event "7th ECh U20 Girls"]
[Site "Baile Herculane ROM"]
[Date "1986.03.20"]
[Round "9"]
[White "Drewes, Mariette"]
[Black "Madl, Ildiko"]
[Result "0-1"]
[WhiteElo "1940"]
[BlackElo "2185"]
[EventDate "1986.03.11"]
[PlyCount "114"]

1.e4 c5 2.c3 d5 3.exd5 Qxd5 4.d4 e6 5.Nf3 Nf6 6.Na3 Qd8 7.Nc2 Nbd7 8.Bd3 
Qc7 9.Bg5 b6 10.Qe2 Be7 11.O-O Bb7 12.Rae1 O-O 13.Ne5 cxd4 14.cxd4 Rad8 
15.f4 Nd5 16.Nxd7 Rxd7 17.Qh5 g6 18.Qh6 Bd6 19.Bb5 Bc6 20.Bxc6 Qxc6 21.Ne3
f6 22.Bh4 Nxe3 23.Rxe3 Qd5 24.Bf2 Qxa2 25.Qh3 Re7 26.Rfe1 Rfe8 27.Qh4 Qxb2
28.R3e2 Qb5 29.Qxf6 Qf5 30.Bh4 Qxf6 31.Bxf6 Rd7 32.Be5 Bxe5 33.dxe5 Rc8 
34.Ra2 Rc5 35.Rea1 Rcc7 36.Ra6 Kf7 37.Kf2 b5 38.Ke3 b4 39.Rb1 Rc3+ 40.Ke2 
b3 41.Ra3 Rc2+ 42.Ke3 b2 43.Rb3 Rdd2 44.Rb7+ Ke8 45.Rxa7 Re2+ 46.Kd3 Rc1 
47.Rxc1 bxc1=Q 48.Kxe2 Qc4+ 49.Kf3 Qd3+ 50.Kg4 h5+ 51.Kg5 Qf5+ 52.Kh6 
Qxf4+ 53.Kxg6 Qxe5 54.Ra8+ Kd7 55.Ra7+ Kc6 56.Re7 Qf5+ 57.Kg7 e5 0-1

[Event "7th ECh U20 Girls"]
[Site "Baile Herculane ROM"]
[Date "1986.03.20"]
[Round "9"]
[White "Peicheva, Vera"]
[Black "Polakova, Petra"]
[Result "0-1"]
[WhiteElo "1965"]
[BlackElo "2095"]
[EventDate "1986.03.11"]
[PlyCount "92"]

1.e4 c5 2.c3 d5 3.exd5 Qxd5 4.d4 e6 5.Nf3 Nf6 6.Na3 Qd8 7.Bb5+ Bd7 8.O-O 
cxd4 9.Nxd4 Bxa3 10.bxa3 O-O 11.Qf3 Bxb5 12.Nxb5 Nc6 13.Bg5 Qd5 14.Qxd5 
Nxd5 15.c4 Nf6 16.Rab1 b6 17.c5 Ne4 18.Be3 Nxc5 19.Bxc5 bxc5 20.Rfc1 Nd4 
21.Rxc5 Rab8 22.a4 Rfd8 23.Re1 a6 24.Nxd4 Rxd4 25.Ra5 Rb6 26.g3 g6 27.Rc1 
Rd2 28.a3 Rd3 29.Rc8+ Kg7 30.Ra8 Rxa3 31.R5xa6 Rb1+ 32.Kg2 Rb2 33.R8a7 Kf6
34.g4 Raa2 35.g5+ Kg7 36.Rxe6 Rxf2+ 37.Kg1 Rg2+ 38.Kf1 Rxh2 39.Kg1 Rhg2+ 
40.Kf1 Rxg5 41.Re4 Rf5+ 42.Kg1 h5 43.Rb7 Rc5 44.Rb1 g5 45.Rf1 Kg6 46.Rb4 
Rcc2 0-1

[Event "7th ECh U20 Girls"]
[Site "Baile Herculane ROM"]
[Date "1986.03.20"]
[Round "9"]
[White "Markov, Vesna"]
[Black "Coull, Alison"]
[Result "1-0"]
[WhiteElo "2060"]
[BlackElo "1900"]
[EventDate "1986.03.11"]
[PlyCount "61"]

1.d4 e6 2.c4 Nf6 3.Nc3 d5 4.cxd5 exd5 5.Bg5 Be7 6.e3 O-O 7.Bd3 c6 8.Nf3 
Nbd7 9.Qc2 Re8 10.O-O Nf8 11.Rab1 Ne4 12.Bxe7 Qxe7 13.b4 Bf5 14.Rb3 Rac8 
15.Na4 Ng6 16.Rc1 Qf6 17.Nc5 b6 18.Na4 Bd7 19.Nc3 Ng5 20.Ne1 Qe6 21.Ne2 c5
22.dxc5 bxc5 23.bxc5 Ne4 24.Nd4 Qf6 25.c6 Be6 26.Rb7 Qg5 27.Nef3 Qh5 28.
Nxe6 Rxe6 29.c7 Ree8 30.Bb5 Rf8 31.Bd7 1-0

[Event "7th ECh U20 Girls"]
[Site "Baile Herculane ROM"]
[Date "1986.03.20"]
[Round "9"]
[White "Strzalka, Joanna"]
[Black "Trabert, Bettina"]
[Result "1/2-1/2"]
[WhiteElo "1990"]
[BlackElo "2005"]
[EventDate "1986.03.11"]
[PlyCount "36"]

1.e4 e5 2.Nf3 Nc6 3.Nc3 Nf6 4.d4 exd4 5.Nxd4 d6 6.Nxc6 bxc6 7.Bd3 Be7 8.
O-O O-O 9.h3 Nd7 10.f4 Nc5 11.Bc4 Ba6 12.Bxa6 Nxa6 13.Qe2 Nb8 14.Be3 Bf6 
15.Qg4 Qe7 16.Rae1 Nd7 17.Bd2 Rae8 18.Rf3 Bd4+ 1/2-1/2

[Event "7th ECh U20 Girls"]
[Site "Baile Herculane ROM"]
[Date "1986.03.21"]
[Round "10"]
[White "Peicheva, Vera"]
[Black "Markov, Vesna"]
[Result "0-1"]
[WhiteElo "1965"]
[BlackElo "2060"]
[EventDate "1986.03.11"]
[PlyCount "70"]

1.e4 c5 2.Nf3 d6 3.d4 cxd4 4.Nxd4 Nf6 5.Nc3 Nc6 6.Nb3 a6 7.a4 b6 8.g3 Bg4 
9.f3 Bd7 10.Bg2 e6 11.O-O Be7 12.f4 O-O 13.g4 g6 14.Be3 Rb8 15.Qe2 Nb4 16.
Rad1 Qc7 17.g5 Ne8 18.Bh3 Ng7 19.Bd4 e5 20.Bxd7 exd4 21.Rxd4 Nxc2 22.Qxc2 
Qxd7 23.Nd5 Rfc8 24.Qf2 Bd8 25.Qh4 Rc2 26.Rf2 Rbc8 27.Nc3 Rxf2 28.Kxf2 b5 
29.a5 Qa7 30.Kf3 Bxa5 31.Rxd6 Bxc3 32.bxc3 Rxc3+ 33.Kg2 Qe7 34.e5 Rxb3 35.
Qg4 Nf5 0-1

[Event "7th ECh U20 Girls"]
[Site "Baile Herculane ROM"]
[Date "1986.03.21"]
[Round "10"]
[White "Matveeva, Svetlana"]
[Black "Strzalka, Joanna"]
[Result "1-0"]
[WhiteElo "2245"]
[BlackElo "1990"]
[EventDate "1986.03.11"]
[PlyCount "79"]

1.d4 Nf6 2.c4 g6 3.Nc3 Bg7 4.Nf3 d6 5.Bg5 O-O 6.e3 Nbd7 7.Be2 c6 8.O-O h6 
9.Bh4 e5 10.dxe5 dxe5 11.b4 Qe7 12.Qb3 g5 13.Bg3 Nh5 14.Nd2 Nxg3 15.hxg3 
f5 16.c5+ Kh8 17.g4 f4 18.Nde4 Nf6 19.f3 b5 20.Nxf6 Bxf6 21.Ne4 Be6 22.Qc3
Bg7 23.a4 a6 24.Ra3 Bd5 25.Qc2 Rad8 26.axb5 axb5 27.Nd6 Rxd6 28.cxd6 Qxd6 
29.e4 Bf7 30.Qc3 Re8 31.Rd1 Qc7 32.Ra6 Rc8 33.Rc1 Be8 34.Bxb5 Qb7 35.Be2 
Rb8 36.Rd1 Qe7 37.Kf1 Bf8 38.Qa1 Bg7 39.Ra8 Rxb4 40.Rdd8 1-0

[Event "7th ECh U20 Girls"]
[Site "Baile Herculane ROM"]
[Date "1986.03.21"]
[Round "10"]
[White "Polakova, Petra"]
[Black "Madl, Ildiko"]
[Result "0-1"]
[WhiteElo "2095"]
[BlackElo "2185"]
[EventDate "1986.03.11"]
[PlyCount "120"]

1.e4 c5 2.c3 d5 3.exd5 Qxd5 4.d4 e6 5.Nf3 Nf6 6.Na3 Qd8 7.Nc2 Nbd7 8.g3 b6
9.Bg2 Bb7 10.O-O Be7 11.Qe2 O-O 12.c4 Be4 13.b3 Qc7 14.Bb2 Qb7 15.Ne3 Rad8
16.Rad1 cxd4 17.Nxd4 Nc5 18.f3 Bg6 19.Rfe1 Rfe8 20.Rd2 Rd7 21.Red1 Red8 
22.a3 a5 23.Ba1 Na6 24.Nec2 Re8 25.Bc3 Qc8 26.Bh3 Bc5 27.Kh1 Qa8 28.b4 
axb4 29.axb4 Bf8 30.Ra1 Qb7 31.Bg2 Rc8 32.Kg1 Nb8 33.Na3 Rcd8 34.Nab5 h6 
35.Ra7 Qc8 36.f4 Bh5 37.Qf1 Ng4 38.Rxd7 Rxd7 39.Qe2 Nf6 40.Qe5 Rd8 41.Qc7 
Qxc7 42.Nxc7 Bg6 43.Na8 Be4 44.Nxb6 Bxg2 45.Rxg2 Ne4 46.Bb2 Bxb4 47.Re2 
Nc5 48.Kg2 Ba5 49.Nd5 exd5 50.cxd5 Na4 51.Ba3 Nc3 52.Rb2 Nxd5 53.Rb7 Bc3 
54.Nf5 Na6 55.Nd6 Nac7 56.Ne4 Bd4 57.Bd6 f5 58.Nf6+ Bxf6 59.Bxc7 Nxc7 60.
Rxc7 Rd2+ 0-1

[Event "7th ECh U20 Girls"]
[Site "Baile Herculane ROM"]
[Date "1986.03.21"]
[Round "10"]
[White "Sziva, Erika"]
[Black "Boicu, Smaranda"]
[Result "0-1"]
[WhiteElo "2040"]
[BlackElo "2015"]
[EventDate "1986.03.11"]
[PlyCount "48"]

1.e4 c5 2.Nf3 e6 3.d4 cxd4 4.Nxd4 Nc6 5.Nc3 Qc7 6.Be2 a6 7.O-O Nf6 8.Kh1 
Nxd4 9.Qxd4 Bc5 10.Qd3 h5 11.f4 b5 12.e5 Ng4 13.Qg3 Bb7 14.Bxg4 hxg4 15.
Qxg4 O-O-O 16.Nd1 Rh7 17.h3 Rdh8 18.Kh2 Rh6 19.f5 exf5 20.Rxf5 Rg6 21.Rg5 
Rhh6 22.Nc3 Be7 23.h4 Bxg5 24.Bxg5 f6 0-1

[Event "7th ECh U20 Girls"]
[Site "Baile Herculane ROM"]
[Date "1986.03.21"]
[Round "10"]
[White "Trabert, Bettina"]
[Black "Drewes, Mariette"]
[Result "1-0"]
[WhiteElo "2005"]
[BlackElo "1940"]
[EventDate "1986.03.11"]
[PlyCount "151"]

1.Nf3 d5 2.c4 c6 3.d4 Nf6 4.Nc3 dxc4 5.a4 Bf5 6.e3 e6 7.Bxc4 Bb4 8.O-O 
Nbd7 9.Qb3 a5 10.Bd2 Qc7 11.Rac1 h6 12.Be2 O-O 13.Rfd1 Qb8 14.h3 Rd8 15.
Be1 Bh7 16.Nd2 e5 17.Bc4 Bg6 18.Nf3 exd4 19.Nxd4 Qe5 20.Nce2 Nc5 21.Qa2 
Bxe1 22.Rxe1 Nd3 23.Bxd3 Bxd3 24.Qb3 Ba6 25.Rcd1 Qc5 26.Nc3 Qc4 27.Qxc4 
Bxc4 28.Nf5 Bb3 29.Rd4 Rxd4 30.Nxd4 Bc4 31.Rd1 Rd8 32.Kh2 Nd5 33.Nxd5 Rxd5
34.Rc1 Bd3 35.Nb3 Bf5 36.Kg3 Kf8 37.Nc5 Bc8 38.Rc2 Ke7 39.Kf3 Kd6 40.Ne4+ 
Ke5 41.Nd2 Kd6 42.Nc4+ Kc7 43.Ke2 b6 44.e4 Rd4 45.Ke3 Rd1 46.f4 Re1+ 47.
Kf3 Bb7 48.e5 c5+ 49.Kf2 Ra1 50.b3 Bd5 51.Nd2 Be6 52.g4 Bd5 53.Rc3 Rh1 54.
Nf1 Kd7 55.f5 Be4 56.Re3 Bb7 57.Rd3+ Ke7 58.Rd6 Rxh3 59.Rxb6 Bd5 60.Ne3 
Rf3+ 61.Ke2 Be4 62.Ra6 Rh3 63.e6 Kf8 64.exf7 Rh2+ 65.Ke1 Bd3 66.Ra8+ Kxf7 
67.Nd5 Rb2 68.Rxa5 Rxb3 69.Rxc5 h5 70.Rc7+ Kf8 71.Nf4 hxg4 72.Ne6+ Ke8 73.
Nxg7+ Kd8 74.Ne6+ Ke8 75.f6 Rb1+ 76.Kd2 1-0

[Event "7th ECh U20 Girls"]
[Site "Baile Herculane ROM"]
[Date "1986.03.22"]
[Round "11"]
[White "Badulescu, Cristina"]
[Black "Sziva, Erika"]
[Result "1-0"]
[WhiteElo "2150"]
[BlackElo "2040"]
[EventDate "1986.03.11"]
[PlyCount "167"]

1.Nf3 Nf6 2.b3 g6 3.Bb2 Bg7 4.e3 d6 5.d4 O-O 6.Be2 c6 7.O-O Nbd7 8.c4 Qc7 
9.Nc3 Ne8 10.Qc2 f5 11.d5 Ndf6 12.Rac1 Bd7 13.Rfd1 Rc8 14.dxc6 bxc6 15.c5 
d5 16.Na4 Ng4 17.Bxg7 Nxg7 18.h3 Nh6 19.b4 e6 20.Nb2 Rb8 21.Qc3 Nf7 22.Nd3
Rfc8 23.Nde5 Qd8 24.Nxf7 Kxf7 25.a4 Kg8 26.Rb1 Ne8 27.Qd4 Nf6 28.Ba6 Rc7 
29.Bd3 Rcb7 30.Ne5 Ne8 31.b5 Qc8 32.Rdc1 Ra8 33.a5 a6 34.b6 Ng7 35.Qb2 Be8
36.Qe2 Re7 37.Rb4 Nh5 38.b7 Rxb7 39.Bxa6 Rxb4 40.Bxc8 Rxc8 41.Qa6 Rbb8 42.
Ra1 Rc7 43.Qd3 Nf6 44.a6 Ra7 45.Qd4 Ne4 46.f3 Ng3 47.Kh2 Nh5 48.Qa4 Rb5 
49.Qxb5 cxb5 50.c6 Nf6 51.c7 Rxc7 52.a7 Rxa7 53.Rxa7 Kf8 54.Rb7 f4 55.exf4
d4 56.Kg1 h6 57.Kf2 Nd5 58.g3 h5 59.Nd3 Bc6 60.Rb8+ Ke7 61.Ne5 Be8 62.h4 
Ne3 63.Nd3 Nf5 64.Rb7+ Kd6 65.Rb6+ Kd5 66.Ne5 Nd6 67.Rb8 Kc5 68.Ke2 Bc6 
69.Nxc6 Kxc6 70.Kd3 Nf5 71.Rg8 Ne7 72.Re8 Kd7 73.Rb8 Kc6 74.Kxd4 Nf5+ 75.
Ke5 Nxg3 76.Re8 Nf5 77.Rxe6+ Kc5 78.Rxg6 Nxh4 79.Rg3 b4 80.f5 b3 81.f6 b2 
82.f7 b1=Q 83.f8=Q+ Kc4 84.Qf4+ 1-0

[Event "7th ECh U20 Girls"]
[Site "Baile Herculane ROM"]
[Date "1986.03.22"]
[Round "11"]
[White "Drewes, Mariette"]
[Black "Matveeva, Svetlana"]
[Result "0-1"]
[WhiteElo "1940"]
[BlackElo "2245"]
[EventDate "1986.03.11"]
[PlyCount "78"]

1.e4 c5 2.c3 d5 3.exd5 Qxd5 4.d4 e6 5.Nf3 Nf6 6.Na3 Qd8 7.Nc2 Nbd7 8.Bd3 
Qc7 9.Bg5 b6 10.Qe2 Be7 11.O-O Bb7 12.Ne5 O-O 13.f4 cxd4 14.Nxd4 Bc5 15.
Kh1 a6 16.Rae1 Rfe8 17.Bb1 Bf8 18.Qd3 g6 19.Nxd7 Nxd7 20.f5 exf5 21.Nxf5 
Nc5 22.Qh3 Ne4 23.Bxe4 Rxe4 24.Rxe4 Bxe4 25.Nh6+ Bxh6 26.Qxh6 f5 27.Bf6 
Bxg2+ 28.Kxg2 Qc6+ 29.Rf3 Qxf6 30.Qe3 Qc6 31.Qd3 Re8 32.Kf2 Qc5+ 33.Kg2 b5
34.Rg3 Qc6+ 35.Kf2 Qh1 36.Rg2 Qe1+ 37.Kf3 Qh4 38.Qd5+ Kh8 39.Qc6 Qh3+ 0-1

[Event "7th ECh U20 Girls"]
[Site "Baile Herculane ROM"]
[Date "1986.03.22"]
[Round "11"]
[White "Boicu, Smaranda"]
[Black "Coull, Alison"]
[Result "1-0"]
[WhiteElo "2015"]
[BlackElo "1900"]
[EventDate "1986.03.11"]
[PlyCount "111"]

1.e4 e6 2.d4 d5 3.e5 c5 4.c3 Nc6 5.Nf3 Qb6 6.a3 c4 7.g3 f6 8.exf6 Nxf6 9.
Bg2 Bd6 10.O-O O-O 11.Qe2 Kh8 12.Ne5 Bxe5 13.dxe5 Nd7 14.Be3 Nc5 15.Nd2 
Qa5 16.f4 Bd7 17.Nf3 Ne7 18.Nh4 Nf5 19.Nxf5 Rxf5 20.g4 Rff8 21.Rad1 Nd3 
22.Qd2 Rae8 23.Bf3 Qc7 24.b4 a5 25.Be2 Bb5 26.Rf3 axb4 27.axb4 Ra8 28.Bxd3
cxd3 29.Bc5 Rfe8 30.Bd4 Bc4 31.f5 Qf7 32.Qe3 Ra2 33.Rf2 Rxf2 34.Qxf2 Ra8 
35.Rd2 Rc8 36.Qe3 Ra8 37.Rf2 Ra1+ 38.Kg2 Ra8 39.Qg5 Ra2 40.Rxa2 Bxa2 41.
Be3 h6 42.Qd8+ Kh7 43.Qc8 exf5 44.Qxf5+ Qxf5 45.gxf5 Kg8 46.Kf3 Kf7 47.e6+
Kg8 48.Kf4 Bc4 49.Ke5 Kf8 50.Kd6 h5 51.Kc7 Ke7 52.Bg5+ Ke8 53.Kxb7 d4 54.
cxd4 Bd5+ 55.Kc7 Be4 56.b5 1-0

[Event "7th ECh U20 Girls"]
[Site "Baile Herculane ROM"]
[Date "1986.03.22"]
[Round "11"]
[White "Madl, Ildiko"]
[Black "Trabert, Bettina"]
[Result "1-0"]
[WhiteElo "2185"]
[BlackElo "2005"]
[EventDate "1986.03.11"]
[PlyCount "97"]

1.Nf3 d5 2.g3 c6 3.Bg2 Bg4 4.b3 Nd7 5.Bb2 Ngf6 6.O-O e6 7.d3 Be7 8.Nbd2 
O-O 9.h3 Bh5 10.e4 dxe4 11.dxe4 Qc7 12.Qe1 Bxf3 13.Nxf3 a5 14.Qe2 Rfd8 15.
Kh2 a4 16.Nd2 Nf8 17.Nc4 N6d7 18.f4 f6 19.Ne3 Kh8 20.h4 Bc5 21.Ng4 Re8 22.
h5 h6 23.Kh1 Qa5 24.Qf3 Bb6 25.e5 f5 26.Nh2 Qd2 27.Rac1 Qe3 28.b4 Red8 29.
Rcd1 Qxf3 30.Nxf3 Bc7 31.Bd4 Nb6 32.Bh3 Nd5 33.a3 g6 34.hxg6 Nxg6 35.c4 
Nb6 36.Bxb6 Bxb6 37.c5 Bc7 38.Nd4 Nf8 39.g4 fxg4 40.Bxg4 Re8 41.Kg2 Rad8 
42.Rh1 Kg7 43.Kf3 Rd5 44.Ke3 Re7 45.Rdg1 Kh7 46.Bf3 Rg7 47.Be4+ Kg8 48.
Rxg7+ Kxg7 49.Bxd5 1-0